000 00377nam a2200157Ia 4500
003 OSt
005 20240219114755.0
008 170524s9999 xx 000 0 und d
020 _a978-9332551770
040 _cIIMT UNIVERSITY MEERUT
100 _aJordan Edward C
245 0 _aElectromagnetic Waves and Radiating System
260 _bPHI
260 _c2007
942 _2ddc
_c02
999 _c4865
_d4865